00807nam a2200229 a 450000100060000000300090000600800410001502000150005604000280007108200180009910000430011724500460016026000450020630000100025165000460026165000580030765000280036565000560039365000530044965000380050265000370054010074CO-ViMGA141112s2004 ck r 000 u spa d a9586060063 aCO-ViMGAbspacCO-ViMGA04a336.3433 T4871 aThorp ; Rosemary, Whitehead Laurence, 10aLa Crisis de la Deuda en América Latina aBogotá : bEditorial Presencia, c1986 a319p.14aCRISIS DEL DESARROLLO EN América LATINA14aCRISIS Y Política ECONOMICA EN COLOMBIA 1980 - 198514aEL AJUSTE A LARGO PLAZO14aLA Economía BRASILEÑA ENFRENTADA A LOS OCHENTAS14aLA Economía Política DE LA FUGA DE CAPITALES14aORIGENES DE LA CRISIS DE LA DEUDA14aPolíticaS DE AJUSTE EN EL PERU